000 00675nam a2200193Ia 4500
008 151121s9999||||xx |||||||||||||| ||und||
082 _aबा। वि।
082 _bHNW-73030
100 _aजोशी द। दा।
245 _aविज्ञानयोगी बाबा आमटे
260 _b"सुरेश प्रकाशन, पुणे।"
260 _c--
300 _a126
600 _aजोशी द। दा।
630 _aविज्ञानयोगी बाबा आमटे
700 _aजोशी द। दा।
730 _aविज्ञानयोगी बाबा आमटे
942 _cBOOK
999 _c1254488
_d1254485